Meilleur dunkeur de chaque équipe NBA - Statistiques

Statistiques générales
  • Ce quiz a été pris 121 fois
  • Le résultat moyen est 13 sur 30
Statistiques - réponses
Hint Réponse % Correct
Los Angeles Lakers LeBron James
93%
Chicago Bulls Zach Lavine
73%
Memphis Grizzlies Ja Morant
72%
Boston Celtics Jaylen Brown
71%
Minnesota Timberwolves Anthony Edwards
70%
San Antonio Spurs Victor Wembanyama
62%
Cleveland Cavaliers Donovan Mitchell
60%
Milwaukee Bucks Giannis Antetokounmpo
60%
Denver Nuggets Aaron Gordon
59%
Houston Rockets Jalen Green
58%
Oklahoma City Thunder Jalen Williams
58%
New Orleans Pelicans Zion Williamson
58%
Miami Heat Bam Adebayo
48%
Toronto Raptors Scottie Barnes
42%
Atlanta Hawks Jalen Johnson
37%
Sacramento Kings Malik Monk
36%
Golden State Warriors Jonathan Kuminga
33%
Washington Wizards Bilal Coulibaly
32%
Dallas Mavericks Dereck Lively Jr
31%
Charlotte Hornets Brandon Miller
29%
Los Angeles Clippers Derrick Jones Jr
28%
Indiana Pacers Obi Toppin
28%
Portland Trail Blazers Shaedon Sharpe
26%
Orlando Magic Cole Anthony
24%
Utah Jazz John Collins
24%
Détroit Pistons Jaden Ivey
21%
Philadelphia 76ers Kelly Oubre Jr
20%
Brooklyn Nets Dennis Smith Jr
11%
Phoenix Suns Josh Okogie
9%
New York Knicks Jericho Simms
8%
Aucun quiz correspondant
Distribution des résultats
% des personnes avec chaque résultat
Percentile par nombre de réponses
Votre historique - résultats
Vous n’avez pas pris ce quiz